00873cam a22002413a 45000010005000000030006000050050017000110080041000280400015000690420007000840500007000911000029000982450186001272600029003135050074003425060030004165160020004466530052004666530021005186530023005398300028005628560041005903100PGUSA20140828083025.0020201s2002||||xxu|||||s|||||000 | eng d aPGUSAbeng adc 4aPL1 aLegge, James,d1815-189714aThe Chinese Classics :bwith a translation, critical and exegetical notes, prolegomena and copious indexes : (Shih ching. English) — Volume 1h[electronic resource] /cJames Legge bProject Gutenberg,c20020 aConfucian analects -- The great learning -- The doctrine of the mean. aPublic domain in the USA. aElectronic text aChinese literature -- Translations into English aChina -- History aChinese literature 0aProject Gutenbergv310040uhttp://www.gutenberg.org/ebooks/3100